5HLuxD.jpg

KING HENRY VIII SENIOR AND PRIMARY SCHOOL LIBRARY OPAC

The clocks / (Record no. 800)

000 -LEADER
fixed length control field 01164nam a22002177a 4500
005 - DATE AND TIME OF LATEST TRANSACTION
control field 20191217153006.0
008 - FIXED-LENGTH DATA ELEMENTS--GENERAL INFORMATION
fixed length control field 191217b ||||| |||| 00| 0 eng d
020 ## - INTERNATIONAL STANDARD BOOK NUMBER
International Standard Book Number 9780008129590
040 ## - CATALOGING SOURCE
Transcribing agency KH8
082 ## - DEWEY DECIMAL CLASSIFICATION NUMBER
Classification number FIC CHR
100 ## - MAIN ENTRY--PERSONAL NAME
Personal name Christie, Agatha
Relator term author
245 ## - TITLE STATEMENT
Title The clocks /
Statement of responsibility, etc. Agatha Christie
260 ## - PUBLICATION, DISTRIBUTION, ETC.
Place of publication, distribution, etc. London :
Name of publisher, distributor, etc. Harper,
Date of publication, distribution, etc. 2015.
300 ## - PHYSICAL DESCRIPTION
Extent 311 pages ;
Dimensions 20 cm.
440 ## - SERIES STATEMENT/ADDED ENTRY--TITLE
Title Poirot
500 ## - GENERAL NOTE
General note Originally published: London: Collins, 1963.<br/>Formerly CIP.
520 ## - SUMMARY, ETC.
Summary, etc. As instructed, stenographer Sheila Webb let herself into the house at 19 Wilbraham Crescent. It was then that she made a grisly discovery: the body of a dead man sprawled across the living room floor.What intrigued Poirot about the case was the time factor. Although in a state of shock, Sheila clearly remembered having heard a cuckoo clock strike three o'clock. Yet, the four other clocks in the living room all showed the time as 4.13. Even more strangely, only one of these clocks belonged to the owner of the house
600 ## - SUBJECT ADDED ENTRY--PERSONAL NAME
Personal name Poirot, Hercule
Titles and other words associated with a name (Fictitious character)
General subdivision Fiction.
650 ## - SUBJECT ADDED ENTRY--TOPICAL TERM
Topical term or geographic name entry element Private investigators -- Belgium -- Fiction.
942 ## - ADDED ENTRY ELEMENTS (KOHA)
Source of classification or shelving scheme
Koha item type Books - Fiction
Holdings
Withdrawn status Lost status Source of classification or shelving scheme Damaged status Not for loan Collection code Permanent Location Current Location Shelving location Date acquired Total Checkouts Full call number Barcode Date last seen Date last checked out Price effective from Koha item type
          Fiction KH8 Senior School Library KH8 Senior School Library Fiction 2019-12-17 3 FIC CHR 3KHSL000101517 2024-07-16 2020-09-22 2019-12-17 Books - Fiction

Powered By KH8 IT Dept